Computer Assisted Language Learning in Education and Its Impact on Language Skills

Stručný pohľad na históriu počítačového asistovaného jazykového vzdelávania a jeho vplyv na jazykové zručnosti.

Saved in:
Bibliographic Details
Main Author: Stradiotová, Eva, 1963-
Format: Book Chapter
Language:English
Subjects:
Tags: Add Tag
No Tags, Be the first to tag this record!

MARC

LEADER 00000naa a2200000 4500
001 0237670
005 20250707075241.7
041 0 |a eng 
044 |a PL 
245 1 0 |a Computer Assisted Language Learning in Education and Its Impact on Language Skills  |c Eva Stradiotová 
520 |a Stručný pohľad na históriu počítačového asistovaného jazykového vzdelávania a jeho vplyv na jazykové zručnosti. 
610 2 0 |a výučba vedecká 
610 2 0 |a jazyky cudzie 
610 2 0 |a technológie informačné 
610 2 0 |a technológie komunikačné 
610 2 0 |a systémy informačné 
610 2 0 |a počítače 
610 2 0 |a zručnosti 
100 1 |a Stradiotová, Eva, 1963-